000
00281nam a22001217a 4500
008
180202b xxu||||| |||| 00| 0 eng d
041
_a
eng
080
_a
37
100
_a
48
101
_a
EDU
245
_a
WRITING AND READING ACROSS CURICULUM
_c
LAURENCE.B
942
_2
udc
_c
BK
999
_c
41703
_d
41703